000 00658nam a22001697a 4500
999 _c62626
_d62626
003 Ge_BSU
005 20241220111943.0
008 241220s1963 ge ||||| |||| 00| 0 geo d
041 _ageo
080 _a615.825 ს-45
100 _aსვანიშვილი, რ.
_911563
245 _aფიზიკური აღზრდის საშუალებანი /
_cრ. სვანიშვილი.
264 _aთბილისი :
_b საბჭ. საქართველო,
_c1963.
300 _a34 გვ. ;
_b20 სმ.
653 _aსამკურნალო ფიზკულტურა
942 _2udc
_cᲬᲘᲒᲜᲘ